logo

Bir Sreshtho Munshi Abdur Rouf Library
Jhenaidah Cadet College

স্মৃতির পাতায় মুক্তিযুদ্ধের দিনগুলি / (Record no. 12121)

MARC details
000 -LEADER
fixed length control field 00887nam a22002297a 4500
001 - CONTROL NUMBER
JCCL Control Number 12121
003 - CONTROL NUMBER IDENTIFIER
JCCL marc code BD-JhCC
005 - DATE AND TIME OF LATEST TRANSACTION
control field 20210316085848.0
008 - FIXED-LENGTH DATA ELEMENTS--GENERAL INFORMATION
fixed length control field 210316s2018 bg ||||| |||| 000 0 ben d
020 ## - INTERNATIONAL STANDARD BOOK NUMBER
International Standard Book Number 9789849333067
035 ## - SYSTEM CONTROL NUMBER
system control number (BD-JhCC)12121
040 ## - CATALOGING SOURCE
Original cataloging agency BD-JhCC
Modifying agency BD-JhCC
041 ## - LANGUAGE CODE
Language code of Book ben
082 ## - DEWEY DECIMAL CLASSIFICATION NUMBER
Classification number 954.92051092
Author mark and Year AHM 2018
100 ## - MAIN ENTRY--PERSONAL NAME
Personal name আহমদ, মাহবুব উদ্দিন
245 ## - TITLE STATEMENT
Title স্মৃতির পাতায় মুক্তিযুদ্ধের দিনগুলি /
Statement of responsibility, etc মাহবুব উদ্দিন আহমদ
260 ## - PUBLICATION, DISTRIBUTION, ETC. (IMPRINT)
Place of publication, distribution, etc ঢাকা :
Name of publisher, distributor, etc মাওলা ব্রাদার্স,
Date of publication, distribution, etc ২০১৮.
300 ## - PHYSICAL DESCRIPTION
Pagination ১১১ পৃ. :
Dimensions ২১ সেমি.
600 ## - SUBJECT ADDED ENTRY--PERSONAL NAME
Personal name আহমদ, মাহবুব উদ্দিন
650 ## - SUBJECT ADDED ENTRY--TOPICAL TERM
Topical term or geographic name as entry element Personal narratives
Form subdivision History
General subdivision Revolution
Chronological subdivision 1971
Geographic subdivision Bangladesh
942 ## - ADDED ENTRY ELEMENTS (KOHA)
Source of classification or shelving scheme Dewey Decimal Classification
Koha item type Books
Holdings
Source of classification or shelving scheme Damaged status Not for loan Home library Current library Shelving location Date of accession Cost, normal purchase price Total Checkouts Full call number Barcode Date last seen Copy number Koha item type Source of acquisition Method of acquisition Currency
Dewey Decimal Classification     JCC Rouf Library JCC Rouf Library General Stacks 03/16/2021 150.00   954.92051092 AHM 2018 16536 03/16/2021 C-1 Books      
Dewey Decimal Classification     JCC Rouf Library JCC Rouf Library General Stacks 11/05/2023 250.00   954.92051092 AHM 2021 18622 11/05/2023 C-2 Books Md. Kamaluzzaman Kamal,Freedom Fighter. Gift/Donation BDT
Dewey Decimal Classification     JCC Rouf Library JCC Rouf Library General Stacks 11/05/2023 250.00   954.92051092 AHM 2021 18623 11/05/2023 C-3 Books Md. Kamaluzzaman Kamal,Freedom Fighter. Gift/Donation BDT
Dewey Decimal Classification     JCC Rouf Library JCC Rouf Library General Stacks 11/05/2023 250.00   954.92051092 AHM 2021 18624 11/05/2023 C-4 Books Md. Kamaluzzaman Kamal,Freedom Fighter. Gift/Donation BDT
Dewey Decimal Classification     JCC Rouf Library JCC Rouf Library General Stacks 11/05/2023 250.00   954.92051092 AHM 2021 18625 11/05/2023 C-5 Books Md. Kamaluzzaman Kamal,Freedom Fighter. Gift/Donation BDT

JCC Library | Contacts | JCC Home

Last Update on 23 September 2017
Copyright @ 2017-2020 JCC Rouf Library
Rouf Library, Jhenidah Cadet College (JCC), Bangladesh